Bytový dom

Enregistré dans:
Détails bibliographiques
Auteur principal: Križák, Jaroslav (Auteur)
Autres auteurs: Franek, Michal (Directeur de thèse)
Format: Manuscrit Livre
Langue:slovaque
Publié: 2020
Sujets:
Accès en ligne:http://is.stuba.sk/zp/portal_zp.pl?podrobnosti=156290
https://opac.crzp.sk/?fn=detailBiblioForm&sid=551040C4B46A551A4068F9C2BF23
Tags: Ajouter un tag
Pas de tags, Soyez le premier à ajouter un tag!

MARC

LEADER 00000ntm a22000003a 4500
001 stuzp78919
003 SK-STU
005 20230519104423.9
007 ta
008 150427s2015----xo-----f-mn---000-0-slo-d
040 |a STU  |b slo 
041 0 |a slo 
100 1 |a Križák, Jaroslav  |u 010180  |4 aut  |U SvF Stavebná fakulta  |T SvF Katedra konštrukcií pozemných stavieb  |X 75567  |U V180  |Y 18  |7 75567 
242 0 1 |a Apartment building  |y eng 
245 1 0 |a Bytový dom 
260 |c 2020 
650 4 |a bytový dom  |2 slo 
650 4 |a prevetrávaná fasáda  |2 slo 
650 4 |a transparentná fasáda  |2 slo 
650 4 |a päť podlažný  |2 slo 
650 4 |a transparent facade  |2 eng 
650 4 |a cladding  |2 eng 
650 4 |a residential building  |2 eng 
650 4 |a five stories  |2 eng 
700 1 |a Franek, Michal  |u 010180  |k Z1  |4 ths  |U SvF Stavebná fakulta  |T SvF Katedra konštrukcií pozemných stavieb  |X 49000  |U V180  |Y 18  |7 A000049000 
856 4 |u http://is.stuba.sk/zp/portal_zp.pl?podrobnosti=156290 
856 4 |u https://opac.crzp.sk/?fn=detailBiblioForm&sid=551040C4B46A551A4068F9C2BF23